000 00295nam a22001337a 4500
008 170527b xxu||||| |||| 00| 0 eng d
020 _a0198593112
041 _aeng
080 _a621
100 _a27
101 _aIM
245 _aTHE ANALYSIS OF EDDY CURRENTS
_cSTOLL, R.L
942 _2udc
_cBK
999 _c14629
_d14629